000
00285nam a22001337a 4500
008
170628b xxu||||| |||| 00| 0 eng d
020
_a
0393970876
041
_a
eng
080
_a
82
100
_a
21
101
_a
GJL
245
_a
THE NORTON SHAKESPEARE
_c
COHEN,W
942
_2
udc
_c
BK
999
_c
19374
_d
19374